00385nam a2200145Ia 4500003000400000008004100004040001600045082001800061100001600079245005600095260004700151300000900198650001100207650002100218GCL140319s9999 xx 000 0 eng d aGCL / cGCL04a597.0942bN F1 aMORMAN, J.R10aFISHES OF BRITIANS RIVERS AND LAKES / cMORMAN, J.R a[S.N] : bTHE KING PENGUIN BOOKS ، c1943 a32 P04aFISHES04aFISHES - BRITIAN